Cécile

Wedi'i Gadw mewn:
Manylion Llyfryddiaeth
Prif Awdur: Constant, Benjamin (autor)
Fformat: Llyfr
Iaith:Sbaeneg
Cyhoeddwyd: Mérida Periférica 2009
Rhifyn:1a. ed
Cyfres:Biblioteca Portátil, 27
Pynciau:
Tagiau: Ychwanegu Tag
Dim Tagiau, Byddwch y cyntaf i dagio'r cofnod hwn!

MARC

LEADER 00000cam a2200000 a 4500
001 UCE7396
003 CL-VaPUC
008 150605e20090000sp |||||||||||||||||spa|d
020 |a 9788493692612 
082 0 4 |a 840  |b CON  |2 21 
100 |a Constant, Benjamin  |e autor  |9 604951 
245 1 0 |a Cécile 
250 |a 1a. ed 
300 |a 140 p 
942 |c BK 
945 |d 20150605 14:50:00  |a gsalatino 
260 |a Mérida  |b Periférica  |c 2009 
650 0 |a Literatura francesa  |9 266330 
650 0 |a Historia y crítica   |9 257407 
583 |a last modification  |c 20150605 14:50:00  |k Rodrigo Vera 
490 0 |a Biblioteca Portátil, 27 
999 |c 359491  |d 359489 
952 |0 0  |1 0  |3 erb  |4 0  |6 840_000000000000000_CON_2009  |7 0  |8 A  |9 468692  |a BIBHIS  |b BIBHIS  |i 5162769  |o 840 CON 2009  |p 5162769  |r 2025-01-20  |w 2019-11-23  |y BK  |z Catalogado en:20150605  |k HIS